[Event "Hokkaido Ch.2017"]
[Site "Sapporo"]
[Date "2017.03.25"]
[Round "2.7"]
[White "Koyahata, Taku"]
[Black "Kimura, Yusei"]
[Result "1-0"]
[WhiteElo "1349"]
[BlackElo "1009"]
[Annotator "Fritz 15 (30s)"]
[PlyCount "63"]

{D06: Queen's Gambit: Symmetrical and Baltic Defences} 1. d4 d5 2. c4 Be6 $146
(2... g6 3. cxd5 Qxd5 4. Nc3 Qa5 5. Nf3 Bg7 6. Bd2 c6 7. e4 Qb6 8. Bc4 Bxd4 9.
Nxd4 Qxd4 10. Qb3 Qg7 11. O-O Nd7 12. Rfe1 Ne5 13. f4 Nxc4 14. Qxc4 Nh6 15. Qc5
Bd7 16. Rad1 b6 17. Qa3 {Stahlberg,G-Alekhine,A Kemeri 1937 1/2-1/2 (68)}) (
2... b6 3. Nc3 (3. cxd5 Qxd5 4. Nc3 Qd6 5. Nb5 Qb4+ 6. Nc3 e6 7. e4 Nf6 8. Qd2
Bb7 9. e5 Ne4 10. Nxe4 Qxd2+ 11. Nxd2 Nc6 12. Ngf3 O-O-O 13. Nb3 Nb4 14. Kd1 c5
15. Ng5 Rd7 16. Bb5 Bc6 17. Bxc6 Nxc6 {Grivas,E (2200)-Kanelatos,P (2200)
Kallithea 1979 1-0 (65)}) 3... Nf6 4. e3 g6 5. Nf3 Bg7 6. Qb3 O-O 7. Be2 dxc4
8. Bxc4 b5 9. Be2 a6 10. O-O Nbd7 11. e4 e6 12. a4 bxa4 13. Qxa4 c5 14. dxc5
Nxc5 15. Qc6 Nb3 16. Qxa8 Nxa1 17. e5 {Soppe,G (2455)-Iglesias,J (2300) Buenos
Aires 1995 1/2-1/2 (39)}) (2... a6 3. cxd5 Nf6 4. Nf3 g6 5. g3 Bg7 6. Bg2 O-O
7. O-O Nxd5 8. e4 Nb6 9. h3 c5 10. d5 e6 11. Nc3 Nc4 12. Bg5 Qa5 13. Qa4 Qxa4
14. Nxa4 Nd7 15. Rac1 Nxb2 16. Nxc5 Nxc5 17. Rxc5 {Niklasch,O (2363)-Buecker,S
(2341) Germany 2000 1-0 (57)}) (2... dxc4 3. e3 $11) 3. c5 {This push gains
space} (3. cxd5 Bxd5 4. Nc3 Nf6 $14) 3... Nc6 4. Nf3 Bg4 5. e3 Bxf3 6. Qxf3 {
White has the pair of bishops} e5 {Black threatens to win material: e5xd4} 7.
Bb5 exd4 8. exd4 Qe7+ 9. Be3 Qe6 10. O-O Nf6 11. Nc3 Be7 12. Rfe1 O-O $2 (12...
Ne4 $16) 13. Re2 $4 {hands over the advantage to the opponent} (13. Bg5 $5 Nxd4
14. Qd3 c6 15. Qxd4 Qd7 $18) 13... b6 $2 (13... Ne4 $5 $14 {should be examined
more closely}) 14. Bxc6 (14. Qg3 $5 Ne4 15. Nxe4 dxe4 $18) 14... Qxc6 $16 15.
cxb6 (15. Bg5 Rfe8 16. Bxf6 Bxf6 17. Nxd5 Kf8 18. Nxf6 Qxf6 19. Rxe8+ Rxe8 20.
Qxf6 gxf6 $16) 15... axb6 $14 16. Rc1 (16. Bg5 Rfe8 $14) 16... Rfc8 (16... Rfe8
$5 $11) 17. Bg5 $14 Kf8 $4 (17... Re8 18. Rce1 h6 19. Bxh6 $16) 18. Bxf6 (18.
Rxe7 $142 {and White wins} h6 19. Bxf6 Qxf6 20. Qxf6 gxf6 21. Rce1 $18) 18...
Bxf6 $14 19. Rec2 Ra5 $2 (19... Rd8 $142 $14) 20. Ne4 $4 {spoils everything} (
20. b4 $142 {the advantage is on the side of White} Ra3 21. Qf5 $16) 20... dxe4
$19 21. Qf4 (21. Qh3 {cannot change destiny} Qe6 22. Qxh7 g6 $19) 21... Bg5 22.
Qxg5 (22. Qg4 {does not help much} Qe6 23. Qxe6 fxe6 24. Re1 Rxa2 25. h3 $19)
22... Rxg5 (22... Qxc2 $142 $1 {secures victory} 23. Rxc2 Rxg5 $19) 23. Rxc6
$11 Ra5 24. Rxb6 cxb6 {Black has a mate threat.} (24... Rxa2 25. Rb7 $11) 25.
Rxc8+ $14 Ke7 26. Rc7+ Ke8 27. a3 Rd5 {Black threatens to win material: Rd5xd4}
28. Rc4 f5 29. g3 g5 (29... Kd7 30. f3 $16) 30. b4 (30. Rc6 Rxd4 31. Kf1 f4 $16
) 30... Ke7 (30... Kd7 31. Kf1 $16) 31. a4 (31. Rc7+ Ke6 32. Rxh7 Rxd4 33. Rh6+
Ke5 $14) 31... Kf6 $2 (31... f4 $142 $5 $14 {would keep Black in the game}) 32.
Rc6+ $18 (32. Rc6+ Ke7 33. Rxb6 Rxd4 34. a5 $18) 1-0

[Event "Hokkaido Ch.2017"]
[Site "Sapporo"]
[Date "2017.03.25"]
[Round "2.8"]
[White "Kudo, Soichiro"]
[Black "Ito, Katsuhide"]
[Result "0-1"]
[WhiteElo "952"]
[BlackElo "1328"]
[Annotator "Fritz 15 (30s)"]
[PlyCount "66"]

{B20: Sicilian: Unusual White 2nd moves} 1. e4 c5 2. Bc4 Nc6 3. Qf3 $146 {
White has a mate threat} (3. a3 Nf6 (3... g6 4. Nc3 Bg7 5. Nge2 e6 6. d3 Nge7
7. Bg5 h6 8. Bf4 a6 9. Qd2 b5 10. Ba2 Bb7 11. O-O Qa5 12. Bb3 Rc8 13. Bd6 Qb6
14. Bf4 f5 15. exf5 gxf5 16. Rae1 Kf7 17. Qd1 h5 18. Bg5 {Bradaric,R (2210)
-Bistric,F (2425) Kastel Stari 1997 0-1}) (3... e6 4. Nc3 Nge7 5. d3 g6 6. Bg5
Bg7 7. Qd2 h6 8. Bf4 d6 9. Nge2 a6 10. O-O b5 11. Bb3 Bb7 12. f3 Rc8 13. Nd1 d5
14. c3 e5 15. Bg3 O-O 16. Nf2 Kh7 17. exd5 Nxd5 18. Ne4 {Bradaric,R (2210)
-Hulak,K (2525) Kastel Stari 1997 0-1}) 4. d3 e6 5. Nd2 d5 6. Ba2 Be7 7. Ngf3
O-O 8. O-O b5 9. e5 Nd7 10. Re1 a5 11. c3 b4 12. d4 bxc3 13. bxc3 cxd4 14. cxd4
Ba6 15. Bb1 Rc8 16. Nf1 Bxf1 17. Rxf1 Re8 {Nikolic,S (2375)-Kinlay,J (2260)
Caorle 1981 1-0 (47)}) (3. d3 e6 (3... g6 4. Ne2 Bg7 5. O-O e6 6. Nbc3 Nge7 7.
Bb3 O-O 8. Be3 Nd4 9. Qd2 Nec6 10. Bh6 b5 11. Bxg7 Kxg7 12. Nxd4 Nxd4 13. Ne2
Nxe2+ 14. Qxe2 Bb7 15. c3 Qb6 16. Rfd1 b4 17. d4 cxd4 18. cxd4 {Bates,C (2205)
-McClement,A (2169) Purley 2013 1/2-1/2}) 4. c3 a6 5. Bb3 Be7 6. f4 d5 7. Nf3
dxe4 8. dxe4 Qxd1+ 9. Bxd1 b6 10. Be3 Bb7 11. Nbd2 Nf6 12. h3 h6 13. Bc2 Bd8
14. Bg1 Bc7 15. Bh2 O-O-O 16. O-O-O Rhf8 {1/2-1/2 (16) Kozel,R (2361)-Kuzmin,G
(2546) Ukraina 1999}) (3. Nf3 Nf6 $11) 3... Nf6 4. Nh3 (4. Nc3 $5 $15 {is
noteworthy}) 4... Nd4 $17 5. Qf4 $4 {further deteriorates the position} (5. Qd1
$142 d5 6. exd5 $17) 5... Nxc2+ $19 6. Kd1 Nxa1 7. Ng5 (7. b3 {is no salvation}
d5 8. Bb5+ Bd7 9. Bxd7+ Qxd7 $19) 7... e6 (7... d5 {and Black can already relax
} 8. Bxd5 e6 9. Bc4 $19) 8. Nc3 (8. b3 {does not improve anything} h6 9. Nf3 a6
$19) 8... d5 (8... h6 $142 {makes it even easier for Black} 9. Nxf7 Kxf7 10. e5
$19) 9. exd5 Bd6 10. Qf3 e5 (10... h6 $142 {and Black can already relax} 11.
Nge4 Nxe4 12. Qxe4 O-O $19) 11. Nb5 (11. Nge4 {is the last straw} h5 12. Qe3
$19) 11... Bg4 12. Nxd6+ Qxd6 13. Bb5+ Ke7 (13... Kf8 $142 {keeps an even
firmer grip} 14. Bd3 Bxf3+ 15. gxf3 Qxd5 16. Bb1 $19) 14. h3 Bxf3+ 15. Nxf3
Qxd5 16. Re1 e4 17. Nh4 c4 18. f3 Kd6 (18... Qxb5 $5 {seems even better} 19.
fxe4 Qa4+ 20. Ke2 $19) 19. Ba4 b5 20. Bxb5 Qxb5 21. fxe4 Qe5 (21... Qa4+ $142 {
makes sure everything is clear} 22. Ke2 Nc2 23. Nf5+ Kc7 24. Rd1 Nxe4 25. Kf1
Ng3+ 26. Kg1 Nxf5 27. d4 cxd3 28. Rf1 $19) 22. Nf3 Qxe4 (22... Qg3 $142 {
ends the debate} 23. e5+ Kd5 24. Re3 $19) 23. Rxe4 Nxe4 24. d3 cxd3 25. Bf4+
Kd5 26. b4 Rhe8 27. Be3 Rac8 28. a4 (28. a3 {cannot undo what has already been
done} Rc2 29. Ke1 Ng3 30. Kd1 Rxe3 31. Ne1 Ne4 32. Nxc2 dxc2+ 33. Kc1 Rb3 34.
g4 Rb1#) 28... Nc3+ (28... Rc3 29. Ke1 Nc2+ 30. Kf1 Nxe3+ 31. Kg1 Rc1+ 32. Kh2
Nf1+ 33. Kg1 Nfg3+ 34. Ne1 Rxe1+ 35. Kh2 Rh1#) 29. Kc1 (29. Kd2 {is not much
help} Kc4 30. a5 Nb3+ 31. Ke1 Rxe3+ 32. Kf2 Rxf3+ 33. gxf3 d2 34. h4 d1=Q 35.
Kg2 Nd2 36. a6 Qxf3+ 37. Kh2 Nf1+ 38. Kg1 Ne2#) 29... Rxe3 30. Ng5 (30. a5 {
does not solve anything} Nd1+ $1 {Clearance: c3} 31. Kb1 Rc2 32. Kxa1 Nc3 33.
a6 Ra2#) 30... Nxa4+ (30... Re2 31. Nxh7 Rc2#) 31. Kd2 (31. Kb1 {doesn't get
the cat off the tree} d2 32. Kxa1 d1=Q+ 33. Ka2 Rc2#) 31... Kd4 (31... Re2+ 32.
Kxd3 Rcc2 33. Nxh7 Nb2#) 32. Nxh7 (32. Nf3+ {does not save the day} Rxf3 $1 {
Mate attack} 33. gxf3 Re8 34. Kc1 Re1+ 35. Kd2 Rf1 36. h4 Nb3#) 32... Nb3+ 33.
Kd1 Rc1# (33... Nc3#) 0-1

[Event "Hokkaido Ch.2017"]
[Site "Sapporo"]
[Date "2017.03.25"]
[Round "3.2"]
[White "Numata, Takeshi"]
[Black "Aoki, Yasuhiro"]
[Result "1-0"]
[WhiteElo "1656"]
[BlackElo "1778"]
[Annotator "Fritz 15 (30s)"]
[PlyCount "65"]

{A21: English Opening: 1...e5 2 Nc3} 1. Nf3 d6 2. g3 e5 3. d3 f5 4. Bg2 Nf6 5.
O-O Be7 6. c4 O-O 7. Nc3 Na6 8. a3 $146 {Covers b4} (8. Rb1 c6 9. b4 Nc7 10. c5
(10. b5 c5 11. e3 Kh8 12. a4 Ne6 13. Bb2 Rb8 14. Nd2 Bd7 15. f4 Ng4 16. Re1 Nc7
17. h3 Nh6 18. a5 Be6 19. b6 axb6 20. axb6 Na8 21. Na4 Nxb6 22. Nxb6 Qxb6 23.
Bxe5 Qc7 24. Bc3 Ng8 {Mikhalevski,V (2539)-Bartel,M (2644) Biel 2014 1/2-1/2 
(32)}) (10. a4 Kh8 11. Bb2 Qe8 12. b5 Qh5 13. bxc6 bxc6 14. c5 f4 15. cxd6 Bxd6
16. Ne4 Nxe4 17. dxe4 Ne8 18. Qc2 Bd7 19. Bxe5 Bxe5 20. Qc5 Nf6 21. Qxe5 fxg3
22. hxg3 Qg4 23. Rb7 Rae8 24. Qd6 Bc8 {Shushpanov,V (2375)-Popov,V (2430) St
Petersburg 1995 1-0 (40)}) 10... Kh8 11. cxd6 Bxd6 12. b5 cxb5 13. Nxb5 Nxb5
14. Rxb5 a6 15. Rb1 Rb8 16. a4 b5 17. axb5 axb5 18. d4 e4 19. Ne5 Qe8 20. Bf4
Qe6 21. f3 Qd5 22. fxe4 Nxe4 {Kamsky,G (2695)-Malaniuk,V (2595) Moscow 1994
0-1 (52)}) (8. Ne1 c6 9. f4 Qe8 10. e3 exf4 11. gxf4 Be6 12. Nf3 Bd8 13. Kh1
Bf7 14. Bd2 Bh5 15. Qe2 Nc5 16. b4 Nce4 17. Qe1 Nxd2 18. Qxd2 Bb6 19. Rae1 a6
20. c5 Bc7 21. cxd6 Bxd6 22. Ne2 Nd5 {Rinberg,A (2335)-Grinshpun,E (2390) Tel
Aviv 1995 0-1 (36)}) 8... c6 {Consolidates b5+d5} 9. b4 Nc7 10. Bb2 Kh8 11. Nd2
Qe8 12. e3 Be6 13. Rc1 Qg6 14. Qe2 Qh6 {[%cal Yf5f4] Black prepares the
advance f4} 15. Rfd1 Rae8 16. b5 {White wins space} f4 {Black gets more space}
17. e4 $2 (17. exf4 $142 $5 {and White could well hope to play on} exf4 18.
bxc6 $15) 17... Ng4 $17 18. Nf1 $4 {another step towards the grave} (18. Nf3
$142 $17) 18... fxg3 $19 19. f3 (19. fxg3 {a fruitless try to alter the course
of the game} d5 $1 {Deflection: b5} 20. Na4 dxc4 $19) 19... Nxh2 (19... gxh2+
$142 $5 {keeps an even firmer grip} 20. Kh1 Bh4 21. fxg4 $19) 20. Nxg3 Bg5 21.
Nh1 (21. Re1 {hoping against hope} Bf4 22. Qf2 $19) 21... Be3+ 22. Nf2 Ng4 $3 {
Deflection: f3} 23. fxg4 Rxf2 24. Qxf2 Bxf2+ 25. Kxf2 Rf8+ 26. Kg1 Qe3+ 27. Kh1
Rf6 28. Bf1 (28. g5 {is not the saving move} Rf4 29. Rc2 Rh4+ 30. Bh3 Rxh3+ 31.
Rh2 Qf3+ 32. Kg1 Rg3+ 33. Rg2 Qxg2#) 28... Rh6+ 29. Kg2 Qh3+ (29... Rh3 30. Ne2
Qf3+ 31. Kg1 Rh1#) 30. Kf2 Rf6+ 31. Ke2 (31. Ke1 {does not win a prize} Qxf1+
32. Kd2 Rf2+ 33. Ke3 Qg2 34. bxc6 Qg3#) 31... Bxg4+ (31... Qh2+ 32. Bg2 Qxg2+
33. Ke3 Rf3#) 32. Kd2 $19 Bxd1 (32... Rf2+ $142 {it becomes clear that Black
will call all the shots} 33. Ne2 Qh6+ 34. Kc3 Bxe2 35. Bxe2 Rxe2 $19) 33. Bxh3
$18 (33. Bxh3 Rf2+ 34. Kxd1 Rxb2 35. bxc6 bxc6 36. c5 dxc5 37. Ne2 $18) 1-0

[Event "Hokkaido Ch.2017"]
[Site "Sapporo"]
[Date "2017.03.25"]
[Round "3.3"]
[White "Hakamada, Eiji"]
[Black "Sato, Tsubasa"]
[Result "1-0"]
[WhiteElo "1432"]
[BlackElo "1677"]
[Annotator "Fritz 15 (30s)"]
[PlyCount "66"]

{A16: English Opening: 1...Nf6 with ...d5} 1. c4 e5 2. Nc3 Nf6 3. e4 b6 $146 (
3... d6 4. Nf3 c5 5. Be2 g6 6. a3 Nc6 7. d3 Bg7 8. Bg5 h6 9. Bxf6 Bxf6 10. Nd5
O-O 11. b4 Bg7 12. b5 Ne7 13. Nd2 Nxd5 14. cxd5 a6 15. bxa6 b5 16. O-O Bd7 17.
Qb3 Rxa6 18. Nb1 {Dogodkina,J (2193)-Bhakti,K (2317) Chennai 2011 0-1 (47)}) (
3... Be7 4. g3 b6 5. Bg2 Bb7 6. d3 d6 7. Nge2 Nbd7 8. O-O c6 9. f4 h5 10. h3
Qc7 11. d4 O-O-O 12. Be3 Kb8 13. d5 h4 14. dxc6 Bxc6 15. a4 hxg3 16. Nd5 Bxd5
17. cxd5 Rc8 18. Rc1 {Khmiadashvili,T (2210)-Erenska Barlo,H (2293) Arvier
2006 1/2-1/2 (50)}) (3... g6 4. Nf3 d6 5. Be2 Bg7 6. O-O c5 7. d3 O-O 8. Bg5 h6
9. Bxf6 Bxf6 10. Nd5 Bg7 11. b4 Nc6 12. b5 Ne7 13. Nd2 Nxd5 14. cxd5 f5 15. Rb1
f4 16. Bg4 h5 17. Bxc8 Rxc8 18. h3 {Hauge,T (2205)-Lie,E (2168) Norway 2002
1-0 (56)}) 4. Nf3 d6 {Secures e5} 5. d4 exd4 6. Nxd4 {Black is behind in
developement} Bb7 {Black threatens to win material: Bb7xe4} 7. Bd3 {Black is
behind in developement} Be7 8. O-O O-O 9. Bg5 Nbd7 10. Re1 {Black has a
cramped position} Re8 11. Nf3 (11. Bc2 h6 12. Be3 Ne5 $14) 11... Ng4 12. Bxe7
Rxe7 13. Nd5 Re8 14. h3 {White threatens to win material: h3xg4} Ngf6 15. b4 {
Black has a cramped position} c6 {Black threatens to win material: c6xd5} 16.
Nc3 Rc8 {Black has a cramped position} 17. Bc2 Ne5 18. Nxe5 Rxe5 (18... dxe5
19. Qc1 $11) 19. Qd2 b5 (19... Ba6 20. Bb3 $11) 20. Rad1 (20. Red1 $142 $16)
20... Ne8 $2 (20... bxc4 $142 {is the best option Black has} 21. Qd4 Qe7 $11)
21. c5 $1 $18 {Deflection: d6} d5 $2 (21... dxc5 22. Qe3 {Discovered attack} (
22. Qxd8 {Deflection Pinning})) 22. f4 (22. exd5 {seems even better} Rxe1+ 23.
Rxe1 cxd5 24. Nxb5 a6 $18) 22... Rh5 (22... Re7 23. exd5 cxd5 24. Nxb5 $18) 23.
exd5 cxd5 24. Qe2 (24. Nxb5 {might be the shorter path} a6 25. Nd4 g6 $18)
24... Nf6 (24... g6 25. Qxb5 Rb8 26. Ba4 $18) 25. Qe7 (25. Ne4 $5 {seems even
better} Nxe4 26. Qxh5 Nf6 $18) 25... Bc6 26. Qxa7 Ra8 (26... Kf8 27. Bd3 Ra8
28. Qb6 Qxb6 29. cxb6 $18) 27. Qe7 d4 $2 (27... Qb8 28. Rd4 Rh4 29. Nxd5 Bxd5
30. Rxd5 Nxd5 31. Qxh4 Nf6 $18) 28. Qxd8+ Rxd8 29. g4 (29. a4 $142 {and White
can celebrate victory} bxa4 30. Bxa4 $18) 29... Rxh3 $17 30. Ne4 $4 {another
bit of territory lost} (30. Be4 $142 Rg3+ 31. Kh2 Nxe4 32. Nxe4 Rxg4 33. Nd6
$17) 30... Nxg4 $19 31. Kg2 (31. Rd3 {is not the saving move} Ne3 32. Rexe3
Rxe3 $19) 31... Rh2+ (31... Rc3 $142 {and Black takes home the point} 32. Bb3
Ne3+ 33. Kg1 Bxe4 $19) 32. Kg3 Rxc2 33. Kxg4 Rxa2 1-0

[Event "Hokkaido Ch.2017"]
[Site "Sapporo"]
[Date "2017.03.25"]
[Round "3.4"]
[White "Shibuya, Kaisei"]
[Black "Manabe, Hiroaki"]
[Result "1/2-1/2"]
[WhiteElo "1529"]
[BlackElo "1755"]
[Annotator "Fritz 15 (30s)"]
[PlyCount "86"]

{B02: Alekhine's Defence: Chase Variation and lines with early Nc3} 1. e4 Nf6
2. Nc3 d5 3. exd5 Nxd5 4. Nxd5 Qxd5 5. Nf3 Nc6 6. d4 Bg4 (6... e5 7. Be3 exd4
8. Nxd4 a6 9. Nxc6 Qxc6 10. Qd4 Be7 11. O-O-O Bf6 12. Qb4 Be6 13. Bd3 a5 14.
Qe4 Qxe4 15. Bxe4 O-O 16. Bd5 Rfe8 17. Bxe6 Rxe6 18. Rd7 Be5 19. Rhd1 Bd6 20.
Bb6 Bf4+ 21. Be3 {Musalov,R (2399)-Balashov,Y (2426) Taganrog 2011 1/2-1/2}) 7.
Be2 O-O-O 8. c3 e5 {Black threatens to win material: e5xd4} 9. Be3 $146 (9. O-O
exd4 10. Nxd4 Bxe2 11. Qxe2 Nxd4 12. cxd4 Bd6 13. Rd1 Rhe8 14. Qd3 Re6 15. Bd2
Rg6 16. g3 h5 17. Re1 f5 18. Qb3 Qxb3 19. axb3 a6 20. Ra5 Rf8 21. f4 h4 22. Kg2
Kd7 23. Kf3 hxg3 {Hodak,S (2187)-Kalajzic,I (2249) Croatia 2009 0-1 (71)}) (9.
h3 Bh5 10. O-O exd4 11. cxd4 Bd6 $15) 9... exd4 $15 10. Bxd4 Qh5 (10... Nxd4
11. Qxd4 Bxf3 12. Bxf3 Qxd4 13. cxd4 Bb4+ 14. Ke2 Rxd4 15. Rhd1 Re8+ 16. Kf1
$17) 11. h3 Bc5 (11... Nxd4 $5 12. Nxd4 Re8 $15) 12. O-O $11 Nxd4 13. Nxd4 $2 (
13. cxd4 $142 {would allow White to play on} Be6 14. Qc2 $11) 13... Bxe2 $17
14. Qxe2 Qxe2 15. Nxe2 Rd2 16. b4 Rxe2 17. bxc5 Kd7 18. a4 Kc6 19. Rfe1 Rhe8
20. Red1 Rc2 21. Re1 Ree2 22. Rxe2 Rxe2 23. Rd1 (23. f3 a5 $19) 23... Re7 (
23... Re4 24. Ra1 $19) 24. Rb1 (24. Rd4 $142 $19) 24... Re2 25. Rd1 Rc2 (25...
Re4 26. Ra1 $19) 26. Rd3 $17 f6 27. g4 g6 28. Kg2 Kxc5 $4 {letting the wind
out of his own sails} (28... a5 $142 $17 {Black has the better game}) 29. Rd7
$11 Kb6 (29... b5 $142 $5 {would keep Black alive} 30. axb5 Kxb5 31. Rxc7 a5
32. Rxh7 Rxc3 $11) 30. Rxh7 $16 Rxc3 31. Rh6 c5 $4 {causes further problems
for ?} (31... g5 $142 32. Rxf6+ Ka5 $16) 32. Rxg6 $18 c4 (32... Rd3 33. Rxf6+
Kc7 34. g5 $18) 33. Rxf6+ Ka5 (33... Kc5 34. Rf5+ Kd6 35. g5 $18) 34. g5 Rd3
35. g6 Rd8 36. Rf4 $4 {White threatens to win material: Rf4xc4. what a pity,
victory was in sight} (36. h4 $142 {makes it even easier for White} c3 37. Rf5+
Kb4 38. Rb5+ Kc4 39. Rxb7 $18) 36... Kb4 $4 (36... Rg8 37. Rxc4 Rxg6+ 38. Rg4
Rh6 $14) 37. g7 (37. h4 $142 {secures the point} Kc5 38. g7 $18) 37... Rg8 $11
{Black threatens to win material: Rg8xg7} 38. Rf7 {White threatens to win
material: Rf7xb7} a5 $4 {stumbles just before the finish line} (38... c3 $142 {
would be a reprieve} 39. Rxb7+ Kxa4 40. Rxa7+ Kb3 41. Rb7+ Ka2 $11) 39. Rxb7+
$18 Kxa4 (39... Kc5 {is one last hope} 40. Kf3 c3 $18) 40. Kf1 (40. Kf3 $142 {
keeps an even firmer grip} c3 41. Ke2 $18) 40... Re8 (40... c3 41. Ke2 Rd8 42.
h4 Rd2+ 43. Ke3 $18) 41. Re7 (41. h4 c3 42. h5 Rc8 43. Rb1 c2 44. Rc1 Kb3 45.
h6 Kb2 46. Rxc2+ Kxc2 47. h7 Kc3 48. h8=R Rxh8 49. gxh8=Q+ Kc4 50. f4 Kd5 51.
f5 a4 52. f6 Ke6 53. Qg7 a3 54. f7 a2 55. f8=Q a1=R+ 56. Qxa1 Kd5 57. Qf5+ Kc4
58. Qa4+ Kc3 59. Qfc2#) 41... Rd8 (41... Rc8 {doesn't get the bull off the ice}
42. h4 c3 43. h5 $18) 42. Rd7 (42. h4 {might be the shorter path} c3 43. h5 c2
$18) 42... Re8 (42... Rxd7 {is still a small chance} 43. g8=Q Rd4 $18) 43. Re7
Rd8 1/2-1/2

[Event "Hokkaido Ch.2017"]
[Site "Sapporo"]
[Date "2017.03.25"]
[Round "3.5"]
[White "Ito, Katsuhide"]
[Black "Watanabe, Katsumi"]
[Result "1-0"]
[WhiteElo "1328"]
[BlackElo "1732"]
[Annotator "Fritz 15 (30s)"]
[PlyCount "69"]

{C41: Philidor Defence} 1. e4 e5 2. Nf3 d6 3. d4 Nd7 4. Be2 Ngf6 5. Nc3 Be7 6.
O-O O-O 7. h3 b6 (7... c6 8. a4 b6 9. Re1 Bb7 10. Bf1 a6 11. Bg5 h6 12. Bh4 b5
13. Bg3 Qc7 14. Qd2 Rfe8 15. axb5 axb5 16. Rxa8 Bxa8 17. Nd1 Bf8 18. Bd3 Qb6
19. c3 exd4 20. cxd4 c5 21. e5 Nh5 22. Bf5 {Handoko,E (2500)-Koshy,V (2405)
Dhaka 1995 1-0 (37)}) (7... Re8 8. Re1 c6 9. a4 Qc7 10. Bf1 b6 11. Bg5 a6 12.
g3 Bb7 13. Bg2 b5 14. axb5 axb5 15. Rxa8 Rxa8 16. d5 h6 17. dxc6 Bxc6 18. Bd2
Nc5 19. Nh4 Qb7 20. Nf5 Bf8 21. Qf3 b4 22. Nd5 {Pujos,S (2249)-Jossien,A (2307)
Cannes 1999 0-1 (44)}) 8. Be3 {Black has a cramped position} Bb7 $146 (8... c6
9. a4 a6 10. Nd2 Bb7 11. f4 b5 12. a5 Re8 13. Bf3 Bf8 14. g4 b4 15. Ne2 exd4
16. Bxd4 c5 17. Bxf6 Nxf6 18. Ng3 h6 19. c3 bxc3 20. bxc3 Qc7 21. Rb1 Bc6 22.
h4 Rab8 23. g5 {Huebner,L (2235)-Schmaltz,R (2440) Boeblingen 1996 0-1 (47)})
9. d5 {White gains space} c5 (9... c6 10. Bc4 $11) 10. dxc6 {White forks: b7+d7
} (10. a4 $5 $14) 10... Bxc6 $11 11. Nd5 {A beautiful square!} (11. Qd3 $5 $11
{should not be overlooked}) 11... Nxe4 $15 12. Qd3 f5 $4 {there were better
ways to keep up the pressure} (12... Ndc5 13. Qd1 $17) 13. b4 $4 {a weak move,
ruining a winning position} (13. Nxe7+ $142 {a shame that White overlooked
this excellent chance} Qxe7 14. Qc4+ Kh8 15. Qxc6 $18) 13... Rc8 14. c4 Bg5 {
[%cal Yf5f4] Black intends f4} 15. Nxg5 Nxg5 16. h4 (16. Bd2 $15) 16... f4 (
16... Ne4 $142 $5 $17) 17. hxg5 $11 fxe3 18. Qxe3 Bxd5 19. cxd5 Rf5 (19... Rf4
$142 $5 $11 {is worth consideration}) 20. f4 $16 g6 $2 (20... Rf7 $142 21. Bh5
Re7 $16) 21. Bg4 $18 exf4 (21... a5 $18) 22. Qe6+ Kh8 23. Bxf5 gxf5 24. Rxf4 (
24. Qxd6 $142 {and White can already relax} Nf8 25. Qe5+ Kg8 26. Rxf4 Qd7 $18)
24... Ne5 (24... Qxg5 {does not win a prize} 25. Rxf5 Qg7 26. Raf1 $18) 25.
Rxf5 Ng6 (25... Qe8 {doesn't do any good} 26. Qxd6 Ng6 27. Qf6+ Kg8 28. Qe6+
Qxe6 29. dxe6 $18) 26. Raf1 (26. Rf7 $142 {and White has it in the bag} Rc7 27.
Raf1 Rxf7 28. Rxf7 $18) 26... Qe8 27. Qxd6 Rd8 28. Qf6+ Kg8 29. Qe6+ Qxe6 30.
dxe6 Re8 31. Re1 Re7 32. Rf6 Kg7 (32... Re8 {cannot undo what has already been
done} 33. Kf2 $18) 33. Rd1 Nf8 34. Rd6 Kg8 (34... b5 $18 {otherwise it's
curtains at once}) 35. Rd8 (35. Rd8 Kg7 36. Rdxf8 Rxe6 37. R8f7+ Kg8 38. Rxa7
Re8 39. Rxb6 Kf8 40. Kf2 Kg8 41. Rbb7 Kf8 42. Kf3 Rc8 43. Rxh7 Kg8 44. Rag7+
Kf8 45. Rc7 Kg8 46. Rxc8+ Kxh7 47. Rc7+ Kg8 48. b5 Kf8 49. b6 Ke8 50. b7 Kd8
51. b8=Q#) 1-0